Επιλέγω ναυτιλία : νέοι στις ναυτικές και ναυτιλιακές σπουδές

Saved in:
Bibliographic Details
Main Author: Πάλλης, Αθανάσιος Α.
Other Authors: Μπίσιας, Ηλίας Γ.
Format: Book
Language:Greek
Published: Αθήνα : Gutenberg, 2011
Subjects:
Tags: Add Tag
No Tags, Be the first to tag this record!

MARC

LEADER 00000cam a2200000 i 4500
001 1/31669
008 130612s2011 gre d
020 |a 978-960-01-1404-1 
035 |l 10114776 
040 |a GR-MY-UA  |b gre  |e aacr 
041 0 |a gre 
082 0 |a 387.50711  |2 (22) 
100 1 |a Πάλλης, Αθανάσιος Α. 
245 1 0 |a Επιλέγω ναυτιλία :  |b νέοι στις ναυτικές και ναυτιλιακές σπουδές /  |c Θάνος Α. Πάλλης, Ηλίας Γ. Μπίσιας 
260 |a Αθήνα :   |b Gutenberg,   |c 2011 
300 |a 124 σ.;  |b διαγρ., εικ., πίν.;  |c 29 εκ. 
504 |a Περιέχει βιβλιογραφικές παραπομπές 
650 0 0 |a Shipping  |x Study and teaching. 
650 0 0 |a Shipping  |x Education, Higher. 
700 1 |a Μπίσιας, Ηλίας Γ. 
852 |a INST  |b CHIOS  |c EUDOXUS  |e 20130612  |h 387.50711 ΠΑΛ  |p 005200035261  |q 005200035261  |t EDX  |y 0 
852 |a INST  |b CHIOS  |c EUDOXUS  |e 20150108  |h 387.50711 ΠΑΛ  |p 005200035777  |q 005200035777  |t EDX  |y 0 
852 |a INST  |b CHIOS  |c EUDOXUS  |e 20180913  |h 387.50711 ΠΑΛ  |p 005200038462  |q 005200038674  |t EDX  |y 0 
901 |a BIBL2-2013-2 
901 |a BIBL2-2015-1 
909 |a Χ  |b 175566 
909 |a Χ  |b 181119 
920 |a Εύδοξος  |b Παραγγελία  |y Χίος-ΤΝΕΥ  |z 2013-04 
920 |a Εύδοξος  |b Επιστροφή  |y Χίος  |z 2015-01 
920 |a Εύδοξος  |b Επιστροφή  |y Χίος  |z 2018-09 
970 |a Σπέντζα  |b Ελένη  |z 2013/06/12